Zach Bryan - Quiet, Heavy Dreams - Statistics

General Stats
  • This quiz has been taken 19 times
  • The average score is 5 of 6
Answer Stats
Answer % Correct
Quiet, Heavy Dreams
100%
Birmingham
93%
Traveling Man
87%
Crooked Teeth
80%
November Air
80%
Let You Down
73%
No matching quizzes found
Score Distribution
Percent of People with Each Score
Percentile by Number Answered
Your Score History
You have not taken this quiz